Ceramika malowana z cmentarzyska ludności kultury łużyckiej w Biernatkach, pow
| Titel: | Ceramika malowana z cmentarzyska ludności kultury łużyckiej w Biernatkach, pow : poznański, z kolekcji Aleksandra Guttmana |
|---|---|
| Verfasser: | |
| In: |
Wiadomości archeologiczne, Band 59 (2007), Seite 17-30 alle Artikel anzeigen |
| Veröffentlicht: | 2007 |
| Format: | Aufsatz |
| Sprache: | Polnisch |
X
alg: 39411684 001A $01999:12-11-16 001B $01999:29-05-21 $t17:44:51.000 001C $06050:19-11-16 $t08:47:28.000 001D $01999:12-11-16 001U $0utf8 001X $00 002@ $0Aox 003@ $0394116844 007A $0394116844 $aHEB 007T $0Herdkk00011173 010@ $apol 011@ $a2007 021A $aCeramika malowana z cmentarzyska ludności kultury łużyckiej w Biernatkach, pow $dpoznański, z kolekcji Aleksandra Guttmana 028A $aDrzewicz $dAnna 031A $d59 $h17-30 $j2007 037A $aengl. Res. 039B $aIn $8--Abvc--. Wiadomości archeologiczne. - Warszawa : [Verlag nicht ermittelbar], 1873-. - ISSN 0043-5082 $x200700000590000983 $9047268050 045F $a069.09438 $eDDC23BSB 045F/01 $a069 045F/03 $g438 045F/03 $g43849 045T $a7,41 lok: 39411684 78 exp: 39411684 78 1 #EPN 201B/01 $018-11-16 $t10:39:40.000 201U/01 $0utf8 203@/01 $0790227363 208@/01 $a12-11-16 $be 209A/01 $a/ $f000 $x00 220C/01 $aTitelaufnehmer: pbb 220C/01 $aHerkunft: PBB/IH PAN 244Z/01 $2Trx $#Großpolen $#Greater Poland $#Velkopolsko $8--Trx--Wielkopolska $x01 $9391277227 244Z/01 $2Trx $#Poola $#Lenkija $#Polija $#Polen Land $#Poland $#Lengyelország $#Poľsko $#Polsko $8--Trx--Polska$gkraj $x02 $9391345966 244Z/01 $2Trx $8--Trx--Biernatki$gPoznań $x03 $9391318969 244Z/01 $aGuttman Aleksander $x04 244Z/01 $2Trx $8--Trx--Zeitschriftenaufsatz $x05 $9391384341 245Z/01 $a11.13 $x01 247C/01 $82080>Marburg/Lahn, Herder-Institut, Forschungsbibliothek, Bibliographieportal $9336309341
| LEADER | 00000caa a22000002c 4500 | ||
|---|---|---|---|
| 001 | 394116844 | ||
| 003 | DE-603 | ||
| 005 | 20210529174451.0 | ||
| 007 | tu | ||
| 008 | 161112s2007 xx |||| | u00||u|pol c | ||
| 035 | |a (DE-599)HEB394116844 | ||
| 040 | |a DE-603 |b ger |c DE-603 |d DE-603 | ||
| 041 | |a pol | ||
| 082 | 0 | 4 | |8 1\u |a 069.09438 |q DE-101 |2 23/BSB |
| 084 | |a 7,41 |2 ssgn | ||
| 085 | |8 1\u |b 069 | ||
| 085 | |8 1\u |z 2 |s 438 | ||
| 085 | |8 1\u |z 2 |s 43849 | ||
| 100 | 1 | |a Drzewicz, Anna | |
| 245 | 0 | 0 | |a Ceramika malowana z cmentarzyska ludności kultury łużyckiej w Biernatkach, pow |b poznański, z kolekcji Aleksandra Guttmana |
| 264 | 0 | |c 2007 | |
| 500 | |a engl. Res. | ||
| 773 | 0 | 8 | |i In |t Wiadomości archeologiczne |d Warszawa : [Verlag nicht ermittelbar], 1873- |x 0043-5082 |g Band 59 (2007), Seite 17-30 |w (DE-603)047268050 |w (DE-600)202757-4 |
| 924 | 0 | |9 2080 |a (DE-603)790227363 |b DE-2080 |c HES |d d |g / | |


